[Event "Hessenliga 1112"]
[Site "Germany"]
[Date "2012.04.29"]
[Round "8.1"]
[White "Isserman, Ryhor"]
[Black "Elstner, Eik"]
[Result "1/2-1/2"]
[WhiteElo "2308"]
[BlackElo "2170"]
[PlyCount "32"]
[EventDate "2011.09.25"]
[EventType "team-tourn"]
[EventRounds "9"]
[EventCountry "GER"]
[SourceTitle "EXT 2013"]
[Source "ChessBase"]
[SourceDate "2012.11.22"]
[SourceVersion "1"]
[SourceVersionDate "2012.11.22"]
[SourceQuality "1"]
[WhiteTeam "Bad Homburg"]
[BlackTeam "Eppstein"]
[WhiteTeamCountry "GER"]
[BlackTeamCountry "GER"]

1. Nf3 d5 2. g3 Nf6 3. Bg2 g6 4. c4 d4 5. 0-0 c5 6. d3 Nc6 7. e3 Bg7 8. exd4 cxd4 9. b4 Nxb4 10. Qa4+ Nc6 11. Ne5 Bd7 12. Nxc6 bxc6 13. Bxc6 0-0 14. Ba3 Re8 15. Nd2 Qc7 16. Bxd7 Nxd7 1/2-1/2

[Event "Hessenliga 1112"]
[Site "Germany"]
[Date "2011.11.06"]
[Round "3.1"]
[White "Elstner, Eik"]
[Black "Schroeder, Jan Christian"]
[Result "0-1"]
[WhiteElo "2170"]
[BlackElo "2164"]
[PlyCount "64"]
[EventDate "2011.09.25"]
[EventType "team-tourn"]
[EventRounds "9"]
[EventCountry "GER"]
[SourceTitle "EXT 2013"]
[Source "ChessBase"]
[SourceDate "2012.11.22"]
[SourceVersion "1"]
[SourceVersionDate "2012.11.22"]
[SourceQuality "1"]
[WhiteTeam "Eppstein"]
[BlackTeam "Hofheim II"]
[WhiteTeamCountry "GER"]
[BlackTeamCountry "GER"]

1. d4 d5 2. c4 e6 3. Nc3 Be7 4. Nf3 Nf6 5. Bg5 h6 6. Bh4 0-0 7. e3 Ne4 8. Bxe7 Qxe7 9. Qc2 Nxc3 10. Qxc3 dxc4 11. Bxc4 b6 12. 0-0-0 Bb7 13. h4 Rc8 14. Rh3 Nd7 15. d5 exd5 16. Bxd5 Bxd5 17. Rxd5 Nf6 18. Re5 Qd6 19. Qd4 Qc6+ 20. Qc3 Qxc3+ 21. bxc3 Ng4 22. Re7 Nxf2 23. Rg3 Kf8 24. Rd7 Ne4 25. Rh3 Nf6 26. Rd4 c5 27. Rd1 Re8 28. Nd2 Rad8 29. Kc2 Ne4 30. Rf3 Nxd2 31. Rxd2 Rxd2+ 32. Kxd2 Re4 0-1

[Event "Hessenliga 0809"]
[Site "Germany"]
[Date "2009.03.08"]
[Round "9.1"]
[White "Weber, Ulrich"]
[Black "Elstner, Eik"]
[Result "1-0"]
[WhiteElo "2411"]
[BlackElo "2168"]
[PlyCount "79"]
[EventDate "2008.09.14"]
[EventType "team-tourn"]
[EventRounds "9"]
[EventCountry "GER"]
[SourceTitle "EXT 2011"]
[Source "ChessBase"]
[SourceDate "2010.11.26"]
[SourceVersion "1"]
[SourceVersionDate "2010.11.26"]
[SourceQuality "1"]
[WhiteTeam "Dotzheim"]
[BlackTeam "Eppstein"]
[WhiteTeamCountry "GER"]
[BlackTeamCountry "GER"]

1. Nf3 d5 2. g3 Nf6 3. Bg2 c5 4. 0-0 Nc6 5. d3 e5 6. e4 dxe4 7. dxe4 Qxd1 8. Rxd1 Nd4 9. Rd2 Nxf3+ 10. Bxf3 Bd7 11. Na3 b5 12. b3 Bc6 13. Bb2 Nd7 14. Rad1 Be7 15. Bg2 f6 16. c4 a6 17. f3 h5 18. Bh3 Nf8 19. Nb1 h4 20. Bf5 g6 21. Bg4 b4 22. Rd3 Kf7 23. Nd2 Ne6 24. Bxe6+ Kxe6 25. g4 Rhg8 26. h3 Rad8 27. Rd5 Bxd5 28. cxd5+ Kd7 29. g5 Rgf8 30. Nc4 fxg5 31. Kg2 Bf6 32. Bxe5 Rde8 33. Bh2 Bd4 34. e5 Rf5 35. Re1 g4 36. hxg4 h3+ 37. Kh1 Rxf3 38. e6+ Kd8 39. Na5 Ref8 40. e7+ 1-0

[Event "Hessenliga 0809"]
[Site "Germany"]
[Date "2008.11.09"]
[Round "4.2"]
[White "Feldtmann, Thomas"]
[Black "Elstner, Eik"]
[Result "1/2-1/2"]
[WhiteElo "2215"]
[BlackElo "2168"]
[PlyCount "90"]
[EventDate "2008.09.14"]
[EventType "team-tourn"]
[EventRounds "9"]
[EventCountry "GER"]
[SourceTitle "EXT 2011"]
[Source "ChessBase"]
[SourceDate "2010.11.26"]
[SourceVersion "1"]
[SourceVersionDate "2010.11.26"]
[SourceQuality "1"]
[WhiteTeam "Marburg"]
[BlackTeam "Eppstein"]
[WhiteTeamCountry "GER"]
[BlackTeamCountry "GER"]

1. e4 e5 2. Nf3 Nc6 3. Bb5 a6 4. Ba4 Nf6 5. 0-0 b5 6. Bb3 Bc5 7. c3 d6 8. a4 Bb7 9. d3 0-0 10. Na3 Na5 11. axb5 Nxb3 12. Qxb3 axb5 13. Bg5 c6 14. d4 exd4 15. cxd4 Bxa3 16. Rxa3 h6 17. Rxa8 Bxa8 18. Bh4 g5 19. Nxg5 Nxe4 20. Nxe4 Qxh4 21. Nxd6 Qxd4 22. Nf5 Qf6 23. Qh3 Kh7 24. Rd1 Re8 25. f4 c5 26. Rd6 Re6 27. Qd3 Qg6 28. g4 Rxd6 29. Qxd6 Qxg4+ 30. Ng3 Qf3 31. Qd2 h5 32. Qc2+ Kg8 33. Qd2 Kh7 34. Qc2+ Kg8 35. Qd2 Bd5 36. f5 f6 37. Qe2 Qxe2 38. Nxe2 Bf3 39. Nf4 h4 40. Ne6 c4 41. Nd4 Be4 42. Nxb5 Bxf5 43. Kf2 Kg7 44. Kf3 Kg6 45. Kf4 Bd7 1/2-1/2

[Event "Hessenliga 0708"]
[Site "Germany"]
[Date "2007.12.16"]
[Round "4.1"]
[White "Elstner, Eik"]
[Black "Legde, Georg"]
[Result "1/2-1/2"]
[WhiteElo "2141"]
[BlackElo "2353"]
[PlyCount "45"]
[EventDate "2007.09.30"]
[EventType "team"]
[EventRounds "9"]
[EventCountry "GER"]
[SourceTitle "EXT 2009"]
[Source "ChessBase"]
[SourceDate "2008.11.26"]
[SourceVersion "1"]
[SourceVersionDate "2008.11.26"]
[SourceQuality "1"]
[WhiteTeam "Eppstein"]
[BlackTeam "Giessen"]
[WhiteTeamCountry "GER"]
[BlackTeamCountry "GER"]

1. d4 Nf6 2. c4 e6 3. g3 d5 4. Bg2 dxc4 5. Nf3 Nc6 6. 0-0 a6 7. Nc3 Rb8 8. a4 Bb4 9. Na2 Be7 10. Qc2 b5 11. Rd1 0-0 12. Ne5 Nxe5 13. dxe5 Nd7 14. Bc6 Rb6 15. Qe4 Nc5 16. Rxd8 Rxd8 17. Qc2 Nb3 18. Rb1 Rxc6 19. Be3 Rd5 20. Nc3 Rxe5 21. Bf4 Rec5 22. Be3 Re5 23. Bf4 1/2-1/2

[Event "Karl Mala Memorial op 10th"]
[Site "Griesheim"]
[Date "2006.07.22"]
[Round "4"]
[White "Elstner, Eik"]
[Black "Bagaturov, Giorgi"]
[Result "0-1"]
[WhiteElo "2088"]
[BlackElo "2461"]
[PlyCount "76"]
[EventDate "2006.07.20"]
[EventType "swiss"]
[EventRounds "7"]
[EventCountry "GER"]
[SourceTitle "CBM 113 Extra"]
[Source "ChessBase"]
[SourceDate "2006.09.14"]
[SourceVersion "1"]
[SourceVersionDate "2006.09.14"]
[SourceQuality "1"]

1. d4 Nf6 2. c4 e6 3. g3 c5 4. Nf3 cxd4 5. Nxd4 Bb4+ 6. Bd2 Bc5 7. Nb3 Be7 8. Bg2 Qc7 9. Nc3 0-0 10. Rc1 d6 11. 0-0 a6 12. Na4 Nc6 13. Be3 Bd7 14. c5 d5 15. Nb6 Rae8 16. Bf4 e5 17. Bg5 d4 18. f4 Ng4 19. Nxd7 Ne3 20. Qd3 Qxd7 21. Bxe7 Rxe7 22. Rf2 Nxg2 23. Rxg2 e4 24. Qc4 Rd8 25. Rd1 Qg4 26. h3 Qxh3 27. Nxd4 Red7 28. e3 Qg4 29. Rdd2 Nxd4 30. Rxd4 Rxd4 31. exd4 Qd1+ 32. Kh2 Qh5+ 33. Kg1 Qd1+ 34. Qf1 Qxd4+ 35. Qf2 e3 36. Qe2 Qxc5 37. Qc2 Qxc2 38. Rxc2 Rd1+ 0-1

[Event "Bad Zwesten op 10th"]
[Site "Bad Zwesten"]
[Date "2006.01.05"]
[Round "6"]
[White "Kriesch, Achim"]
[Black "Elstner, Eik"]
[Result "1/2-1/2"]
[WhiteElo "1931"]
[BlackElo "2105"]
[PlyCount "71"]
[EventDate "2006.01.02"]
[EventType "swiss"]
[EventRounds "9"]
[EventCountry "GER"]
[SourceTitle "CBM 110 Extra"]
[Source "ChessBase"]
[SourceDate "2006.03.10"]
[SourceVersion "2"]
[SourceVersionDate "2006.03.10"]
[SourceQuality "1"]

1. d4 d5 2. c4 e6 3. Nc3 Nf6 4. Bg5 Nbd7 5. e3 c6 6. Nf3 Qa5 7. Bxf6 Nxf6 8. Nd2 Bb4 9. Qc2 Ne4 10. Ndxe4 dxe4 11. Be2 e5 12. 0-0 f5 13. a3 Bxc3 14. Qxc3 Qxc3 15. bxc3 exd4 16. cxd4 Be6 17. Rab1 0-0-0 18. f3 exf3 19. gxf3 f4 20. d5 cxd5 21. cxd5 Bxd5 22. Rfc1+ Bc6 23. Ba6 Kd7 24. Bxb7 Bxb7 25. Rxb7+ Ke6 26. exf4 Rd3 27. Rxa7 Rxf3 28. Rxg7 Rxf4 29. Kg2 Ra4 30. Rc3 Kf6 31. Rgg3 Rha8 32. Rcf3+ Ke5 33. Rg7 Rxa3 34. Rxa3 Rxa3 35. Rxh7 Kf5 36. Rg7 1/2-1/2

[Event "Hessenliga 0506"]
[Site "Germany"]
[Date "2005.12.18"]
[Round "6.3"]
[White "Elstner, Eik"]
[Black "Bahlke, Wolfgang"]
[Result "1-0"]
[WhiteElo "2079"]
[BlackElo "2087"]
[PlyCount "109"]
[EventDate "2005.09.11"]
[EventType "team"]
[EventRounds "11"]
[EventCountry "GER"]
[SourceTitle "EXT 2007"]
[Source "ChessBase"]
[SourceDate "2006.11.23"]
[SourceVersion "1"]
[SourceVersionDate "2006.11.23"]
[SourceQuality "1"]
[WhiteTeam "Eppstein"]
[BlackTeam "Dettingen"]
[WhiteTeamCountry "GER"]
[BlackTeamCountry "GER"]

1. d4 Nf6 2. c4 g6 3. Nc3 Bg7 4. e4 d6 5. f3 0-0 6. Be3 Nc6 7. Qd2 a6 8. Nge2 Rb8 9. Ng3 e5 10. dxe5 Nxe5 11. Rd1 h5 12. b3 h4 13. Nge2 h3 14. c5 hxg2 15. Bxg2 Bh3 16. 0-0 Bxg2 17. Kxg2 Nh5 18. cxd6 cxd6 19. Qxd6 Qh4 20. Qd2 Rbd8 21. Nd5 Nxf3 22. Rxf3 Qxe4 23. Ng3 Nxg3 24. hxg3 Rc8 25. Qd3 Rc2+ 26. Bd2 Re8 27. a3 f5 28. Qxe4 fxe4 29. Rf2 Bd4 30. Be3 Rxf2+ 31. Bxf2 Bxf2 32. Kxf2 Rf8+ 33. Ke3 Rf3+ 34. Kxe4 Rxg3 35. Rd3 Rg1 36. Kd4 Kf7 37. Kc5 g5 38. Kb6 g4 39. Nc3 g3 40. Ne2 Ra1 41. Nxg3 Rxa3 42. Ne4 a5 43. Nc5 Kf6 44. Kxb7 Ke5 45. Kb6 Ra1 46. Kb5 Rc1 47. Na4 Ke4 48. Rc3 Rh1 49. Kxa5 Kd4 50. b4 Rh5+ 51. b5 Rh8 52. b6 Rh1 53. Rb3 Rh5+ 54. Rb5 Rh7 55. b7 1-0

[Event "Hessenliga 0405"]
[Site "Germany"]
[Date "2005.01.23"]
[Round "5.7"]
[White "Schoene, Matthias"]
[Black "Elstner, Eik"]
[Result "0-1"]
[WhiteElo "2005"]
[BlackElo "2103"]
[PlyCount "46"]
[EventDate "2004.09.26"]
[EventType "team"]
[EventRounds "9"]
[EventCountry "GER"]
[SourceTitle "EXT 2006"]
[Source "ChessBase"]
[SourceDate "2005.11.24"]
[SourceVersion "1"]
[SourceVersionDate "2005.11.24"]
[SourceQuality "1"]
[WhiteTeam "Bensheim"]
[BlackTeam "Eppstein"]
[WhiteTeamCountry "GER"]
[BlackTeamCountry "GER"]

1. e4 e5 2. Nf3 Nc6 3. Bb5 a6 4. Ba4 Nf6 5. 0-0 b5 6. Bb3 Bc5 7. c3 d6 8. d3 0-0 9. Bg5 h6 10. Bh4 g5 11. Nxg5 hxg5 12. Bxg5 Kg7 13. Kh1 Rh8 14. Bd5 Qe8 15. Bxf6+ Kxf6 16. f4 Ke7 17. fxe5 Rxh2+ 18. Kxh2 Qh8+ 19. Kg3 Qg7+ 20. Kh4 Be6 21. g4 Qxe5 22. Kh3 Rh8+ 23. Kg2 Qh2+ 0-1

[Event "Hessen-ch U18"]
[Site "Bad Homburg"]
[Date "2005.??.??"]
[Round "6"]
[White "Blaschke, Tobias"]
[Black "Elstner, Eik"]
[Result "1/2-1/2"]
[WhiteElo "2000"]
[BlackElo "2095"]
[PlyCount "35"]
[EventDate "2005.04.??"]
[EventType "swiss"]
[EventRounds "8"]
[EventCountry "GER"]
[SourceTitle "EXT 2007"]
[Source "ChessBase"]
[SourceDate "2006.11.23"]
[SourceVersion "1"]
[SourceVersionDate "2006.11.23"]
[SourceQuality "1"]

1. e4 e5 2. Nf3 Nc6 3. Bb5 a6 4. Ba4 Nf6 5. 0-0 b5 6. Bb3 Bc5 7. Nxe5 Nxe5 8. d4 Bxd4 9. Qxd4 d6 10. f4 Ng6 11. c4 0-0 12. Nc3 Re8 13. Re1 Bb7 14. Bd2 c5 15. Qd3 b4 16. Nd5 Nxd5 17. cxd5 Qf6 18. f5 1/2-1/2

[Event "Hessen-ch U18"]
[Site "Bad Homburg"]
[Date "2005.??.??"]
[Round "4"]
[White "Elstner, Eik"]
[Black "Nies, Peter"]
[Result "1-0"]
[WhiteElo "2095"]
[BlackElo "1880"]
[PlyCount "77"]
[EventDate "2005.04.??"]
[EventType "swiss"]
[EventRounds "8"]
[EventCountry "GER"]
[SourceTitle "EXT 2007"]
[Source "ChessBase"]
[SourceDate "2006.11.23"]
[SourceVersion "1"]
[SourceVersionDate "2006.11.23"]
[SourceQuality "1"]

1. d4 e6 2. c4 d5 3. Nc3 Nf6 4. cxd5 exd5 5. Bg5 Be7 6. e3 0-0 7. Bd3 c6 8. Qc2 Nbd7 9. Nge2 Re8 10. 0-0 Nf8 11. Rad1 Nh5 12. Bxe7 Qxe7 13. Kh1 Qg5 14. Ng1 Bg4 15. f3 Bd7 16. e4 Re6 17. Nh3 Qd8 18. g4 Rh6 19. Qf2 Nf6 20. Ng1 Ne6 21. e5 Ne8 22. Nge2 Qh4 23. Ng3 Ng5 24. Qg2 Nc7 25. f4 Nh3 26. g5 Nxg5 27. fxg5 Qxg5 28. Nf5 Qxg2+ 29. Kxg2 Rh5 30. Rf2 Re8 31. Nd6 Bh3+ 32. Kh1 Re7 33. Ne2 Ne6 34. Ng3 Rg5 35. Ngf5 Rd7 36. Rg1 Rh5 37. Ne8 Bxf5 38. Bxf5 Re7 39. Nf6+ 1-0

[Event "Hessen-ch U18"]
[Site "Bad Homburg"]
[Date "2005.??.??"]
[Round "5"]
[White "Elstner, Eik"]
[Black "Schmidt, Markus"]
[Result "1-0"]
[WhiteElo "2095"]
[BlackElo "1847"]
[PlyCount "47"]
[EventDate "2005.04.??"]
[EventType "swiss"]
[EventRounds "8"]
[EventCountry "GER"]
[SourceTitle "EXT 2007"]
[Source "ChessBase"]
[SourceDate "2006.11.23"]
[SourceVersion "1"]
[SourceVersionDate "2006.11.23"]
[SourceQuality "1"]

1. d4 Nf6 2. Nf3 g6 3. g3 Bg7 4. Bg2 0-0 5. Nbd2 d6 6. 0-0 Nbd7 7. e4 e5 8. c3 c6 9. Re1 Qc7 10. a4 Re8 11. Qc2 Nf8 12. b3 Nh5 13. dxe5 dxe5 14. Ba3 f5 15. Nc4 c5 16. Rad1 f4 17. Nd6 Rd8 18. Nb5 Qb6 19. Bxc5 Qxc5 20. Rxd8 a6 21. Nd6 fxg3 22. hxg3 Bf6 23. b4 Qc7 24. Qb3+ 1-0

[Event "Hessen-ch U18"]
[Site "Bad Homburg"]
[Date "2005.??.??"]
[Round "8"]
[White "Sbierski, Jan"]
[Black "Elstner, Eik"]
[Result "1/2-1/2"]
[WhiteElo "2083"]
[BlackElo "2095"]
[PlyCount "36"]
[EventDate "2005.04.??"]
[EventType "swiss"]
[EventRounds "8"]
[EventCountry "GER"]
[SourceTitle "EXT 2007"]
[Source "ChessBase"]
[SourceDate "2006.11.23"]
[SourceVersion "1"]
[SourceVersionDate "2006.11.23"]
[SourceQuality "1"]

1. e4 e5 2. f4 Bc5 3. Nf3 d6 4. Nc3 Nf6 5. Bc4 Nbd7 6. d3 c6 7. Bb3 b5 8. Qe2 Qb6 9. Rf1 0-0 10. Nh4 a5 11. a3 exf4 12. Bxf4 d5 13. Qf3 a4 14. Ba2 b4 15. axb4 Bxb4 16. Bd2 Re8 17. Nf5 Ne5 18. Qg3 Ng6 1/2-1/2

[Event "Hessenliga 0405"]
[Site "Germany"]
[Date "2004.10.17"]
[Round "2.6"]
[White "Foermes, Alexander"]
[Black "Elstner, Eik"]
[Result "1-0"]
[WhiteElo "2031"]
[BlackElo "2103"]
[PlyCount "85"]
[EventDate "2004.09.26"]
[EventType "team"]
[EventRounds "9"]
[EventCountry "GER"]
[SourceTitle "EXT 2006"]
[Source "ChessBase"]
[SourceDate "2005.11.24"]
[SourceVersion "1"]
[SourceVersionDate "2005.11.24"]
[SourceQuality "1"]
[WhiteTeam "Marburg"]
[BlackTeam "Eppstein"]
[WhiteTeamCountry "GER"]
[BlackTeamCountry "GER"]

1. c4 e6 2. Nf3 Nf6 3. g3 d5 4. b3 c5 5. Bb2 Nc6 6. e3 d4 7. exd4 cxd4 8. d3 e5 9. Nbd2 Bd6 10. a3 a5 11. Qe2 0-0 12. Bg2 Nd7 13. 0-0 Nc5 14. Rab1 f5 15. Ne1 Re8 16. f3 h5 17. Nc2 Ne6 18. f4 g6 19. fxe5 Nxe5 20. Bd5 Kh7 21. Rbe1 Nc5 22. Bxd4 Ncxd3 23. Rd1 Bc5 24. Bxc5 Nxc5 25. Nf3 Nxf3+ 26. Qxf3 Qb6 27. Qf2 Ra6 28. b4 axb4 29. axb4 Ne4 30. Qxb6 Rxb6 31. c5 Ra6 32. Bxb7 Bxb7 33. Rd7+ Kh6 34. Rxb7 Ra2 35. Nd4 Rd8 36. Nf3 Nd2 37. Ne5 Rd5 38. Nf7+ Kg7 39. Rf2 Kf6 40. Kg2 Rb2 41. Nd6 Rb1 42. Ne8+ Kg5 43. h4+ 1-0

[Event "GER-ch U16"]
[Site "Willingen"]
[Date "2004.06.03"]
[Round "8"]
[White "Elstner, Eik"]
[Black "Strache, Michael"]
[Result "0-1"]
[WhiteElo "2103"]
[BlackElo "2031"]
[PlyCount "62"]
[EventDate "2004.06.??"]
[EventType "swiss"]
[EventRounds "9"]
[EventCountry "GER"]
[SourceTitle "EXT 2005"]
[Source "ChessBase"]
[SourceDate "2004.11.15"]
[SourceVersion "1"]
[SourceVersionDate "2004.11.15"]
[SourceQuality "1"]

1. d4 f5 2. c4 Nf6 3. Nf3 g6 4. g3 Bg7 5. Bg2 0-0 6. Nc3 d6 7. 0-0 Nc6 8. d5 Ne5 9. Nxe5 dxe5 10. e4 f4 11. f3 g5 12. g4 h5 13. h3 Kf7 14. Na4 hxg4 15. hxg4 e6 16. Kf2 Rh8 17. b3 exd5 18. cxd5 Qd6 19. Qc2 Bf8 20. Rh1 Rxh1 21. Bxh1 b5 22. Nb2 Qc5+ 23. Qxc5 Bxc5+ 24. Kg2 Bd4 25. Rb1 Bxg4 26. fxg4 Rh8 27. Bd2 Nxg4 28. Kf3 Nf6 29. Bg2 Rh2 30. Rh1 g4+ 31. Ke2 f3+ 0-1